000 00298nam a2200133Ia 4500
005 20251222141848.0
008 251222s9999||||xx |||||||||||||| ||spa||
020 _a84-206-3354-2
082 _a838.93/K15R
100 _aKafka, Franz
245 0 _aCartas a Milena
264 _bAlianza
942 _cLIB
999 _c7631
_d7631